| 000 | 01051 a2200241 4500 | ||
|---|---|---|---|
| 001 | 63185 | ||
| 005 | 20260407155927.0 | ||
| 008 | 260407a1992 arg spa d | ||
| 003 | AR-UNSa-BCEJYS | ||
| 040 |
_aAR-UNSa-BCEJYS _bspa _cAR-UNSa-BCEJYS |
||
| 080 |
_a028.1 _xMétodos y técnicas de lectura. Conducta con los libros: hojeo, lectura superficial. Curiosear. Tomar notas. Evaluación de temas de lectura |
||
| 245 | 1 | 0 | _aTécnicas de lectura rápida |
| 020 | _a978-84-234-1012-5 | ||
| 264 | 1 |
_aBilbao : _bEdiciones Deusto _c1992 |
|
| 300 |
_a207 p. _c22 cm. |
||
| 505 | _a1. ¿Por qué debo leer deprisa? - 2. El proceso de lectura: buenos y malos hábitos – 3. Como adquirir mayor velocidad – 4. Comprensión: Cómo mejorar su entendimiento – 5. Cómo mejorar la concentración – 6. Cómo desarrollar la memoria – 7. Cómo conjuntar todo lo anterior. | ||
| 041 | _aspa | ||
| 942 | _cBK | ||
| 590 | _aniveau_biblio:m niveau_hierar:0 | ||
| 100 | 1 | _aFink, Diana Darley | |
| 700 | 1 | _aTate, John T. Jr. | |
| 700 | 1 | _aRose, Michael D. | |
| 999 |
_c8026 _d8026 |
||